000 00417nam a2200181Ia 4500
001 8747
005 20260306160632.0
008 260306t2012||||xx |||||||||||||| ||spa||
041 _aESP
082 _a371.3
_bZ12
100 _aZabalza, Miguel Angel
_eAUT
245 0 _aDidáctica de la educación infantil
260 _c2012
300 _a289P.
_c
650 _aGEN
654 _aCED
942 _cLIB
_dJUS
_fJUS
_2ddc
_n
999 _c8747
_d8747